00243nam a2200097Ia 4500008004100000100002200041245004100063260001700104300000800121650001600129191201s2017 xx 000 0 und d aBOBROW, Leonard S 0aFoundation of Electrical Engineering bOxfordc2017 a880 aB.Tech(ECE)